Score 0/30 Timer 06:00
2 Plays Today
% Correct
Uno
97.4%
Alpha
96.3%
Tres
95.6%
Danish and English (1973)
95.5%
Beta
95%
French (1958)
94.9%
Dos
94.3%
be
93.5%
German (1958)
92.4%
the
86.4%
Delta
84.7%
Italian (1958)
82%
Cinco
81.3%
Gamma
78.9%
least
78.5%
% Correct
stale
73%
steal
72.7%
Epsilon
70.4%
Cuatro
69.4%
and
66.3%
Dutch (1958)
62.8%
slate
62.4%
Mai
57%
Avril
56%
Mars
53.5%
to
52.5%
Janvier
51.4%
Février
48.1%
of
45.5%
setal
18.4%
Remove Ads.
Support Sporcle.
Get the best of Sporcle when you Go Orange. This ad-free experience offers more features, more stats, and more fun while also helping to support Sporcle. Thank you for becoming a member.

You're not logged in!

Compare scores with friends on all Sporcle quizzes.
OR
Log In

Show Comments

Extras

Top Quizzes Today


Score Distribution

Your Account Isn't Verified!

In order to create a playlist on Sporcle, you need to verify the email address you used during registration. Go to your Sporcle Settings to finish the process.

Report this User

Report this user for behavior that violates our Community Guidelines.

Details: